[Event "GER-ch U25-B"]
[Site "Willingen"]
[Date "2023.05.28"]
[Round "2"]
[White "Andresen, Eric"]
[Black "Bergmann, Lennart"]
[Result "1-0"]
[WhiteElo "1526"]
[BlackElo "1515"]
[PlyCount "59"]
[EventDate "2023.05.27"]
[EventType "swiss"]
[EventRounds "9"]
[EventCountry "GER"]
[SourceTitle "CBM 214 Extra"]
[Source "ChessBase"]
[SourceDate "2023.07.31"]
[SourceVersion "1"]
[SourceVersionDate "2023.07.31"]
[SourceQuality "1"]

1. Nf3 Nf6 2. c4 d6 3. g3 g6 4. b4 a5 5. b5 c6 6. Bb2 e5 7. d3 Qb6 8. a4 Ng4 9. e3 f5 10. d4 e4 11. c5 Qd8 12. d5 Rg8 13. dxc6 exf3 14. Bc4 Rg7 15. Bxg7 Bxg7 16. Qd5 Qe7 17. cxd6 bxc6 18. bxc6 Nxe3 19. fxe3 Qxe3+ 20. Kd1 Be6 21. Qxe6+ Qxe6 22. Bxe6 Bxa1 23. c7 Nd7 24. Bd5 Rc8 25. Re1+ Ne5 26. Bc6+ Kf7 27. Rxe5 Bxe5 28. d7 Rxc7 29. d8Q Re7 30. Bd5+ 1-0